000 00256nam a22001217a 4500
008 170724b xxu||||| |||| 00| 0 eng d
041 _aeng
080 _a004
100 _a29
101 _aSHK
245 _aLINEAR PROGRAMMING
_cHADLEY,G
942 _2udc
_cBK
999 _c21806
_d21806